| 000 | 00500nam a22001577a 4500 | ||
|---|---|---|---|
| 999 |
_c4684 _d4684 |
||
| 008 | 161122b xxu||||| |||| 00| 0 eng d | ||
| 020 | _a978-0-252-03079-6 | ||
| 082 | _a333.770 973 BER | ||
| 100 | _aBERKE R Philip | ||
| 245 |
_aUrban Land Use Planning _cPhilip R. Berke, David R Godschailk and Edward J.Kaiser _hEnglish |
||
| 250 | _a5th ed. | ||
| 260 |
_aUrbana and Chicago _bUniversity of Illinois Press _c2006 |
||
| 300 |
_a490p. _bIlli. _c24cm |
||
| 650 | _2Land Use Planning | ||
| 942 |
_2ddc _cBOOKS |
||